01299nac a22003131i 4500003000900000005001700009008004100026020001500067020001800082035001800100040004300118082001900161100004400180245019600224250001900420264005600439300004000495336002600535337002800561338002700589504005200616650003600668655001700704700005500721700003900776942001200815999001300827952014500840EG-ScBUE20250120094352.0250120s2005 nyua f b 001 0 eng d a0131226053 a9780131226050 a(OCoLC)528628 aEG-ScBUEbengerdacEG-ScBUEdEG-ScBUE04a519.9bHOG2221 aHogg, Robert V., eauthor.10aIntroduction to mathematical statistics /cRobert V. Hogg, University of Iowa, Joseph W. McKean, Western Michigan University, Allen T. Craig, late professor of statistics, University of Iowa. aSixth edition. 1aNew York :bPearson Education International,c2005. a245 pages :billustrations ;c24 cm 2rdacontentatextbtxt aunmediated2rdamediabn avolumebnc2rdacarrier aIncludes bibliographical references and index.  7aMathematical statistics.2BUEsh vReading book1 aCraig, Allen T.q(Allen Thornton),d1905-eauthor.1 aMckean, Joseph W.,d1944-eauthor. cBB2ddc c858d858 00102ddc40708BaccahaMAINbMAINc1STd2006-08-06ePurchaseg317.00l3o519.9 HOGp000003681r2025-07-15 00:00:00v396.25w2006-08-06yBB